Library Banner

Sadion kay raz [the secret of ages] (Record no. 71627)

MARC details
000 -LEADER
fixed length control field 00502nam a2200193Ia 4500
001 - CONTROL NUMBER
control field 66799
008 - FIXED-LENGTH DATA ELEMENTS--GENERAL INFORMATION
fixed length control field 150514s9999 xx 000 0 und d
020 ## - INTERNATIONAL STANDARD BOOK NUMBER
International Standard Book Number NA
040 ## - CATALOGING SOURCE
Transcribing agency PK-LaUMT
082 ## - DEWEY DECIMAL CLASSIFICATION NUMBER
Classification number 158.1
Item number COL-S
100 ## - MAIN ENTRY--PERSONAL NAME
Personal name Colier, Robert
245 ## - TITLE STATEMENT
Title Sadion kay raz [the secret of ages]
Statement of responsibility, etc Colier, Robert|Nuzhat Javed
260 ## - PUBLICATION, DISTRIBUTION, ETC. (IMPRINT)
Place of publication, distribution, etc Lahore,Pakistan:
Name of publisher, distributor, etc Dar ul Shaor,
Date of publication, distribution, etc 2013
300 ## - PHYSICAL DESCRIPTION
Extent 328 p.
546 ## - LANGUAGE NOTE
Language note UR
650 ## - SUBJECT ADDED ENTRY--TOPICAL TERM
Topical term or geographic name as entry element Self actualization-Psychology
700 ## - ADDED ENTRY--PERSONAL NAME
Personal name Nuzhat Javed
942 ## - ADDED ENTRY ELEMENTS (KOHA)
Koha item type Books
Holdings
Withdrawn status Lost status Damaged status Not for loan Home library Current library Date acquired Total Checkouts Full call number Barcode Checked out Date last seen Date checked out Price effective from Koha item type
        UMT Main Campus UMT Main Campus 2015-05-14 31 158.1 COL-S 91053 2026-07-13 2026-06-29 2026-06-29 2015-05-14 Books